[Event "Let's Play Chess!"]
[Site "http://www.queenalice.com/game.php?id=1211756"]
[Date "2013.8.27"]
[Round "-"]
[White "jeancarlo1910"]
[Black "rito"]
[Result "0-1"]
[WhiteElo "1745"]
[BlackElo "1517"]

1. b3 d5 2. d4 Nf6 3. Nc3 e6 4. Bd2 Bb4 5. Nf3 Ng4 6. e3 b6 7. h3 Nf6 8. Bd3 a5
9. Ne5 Bd6 10. f4 g6 11. Nb5 Ba6 12. Nxd6+ cxd6 0-1

[Event "3Generation"]
[Site "http://www.queenalice.com/game.php?id=1211929"]
[Date "2013.8.27"]
[Round "-"]
[White "jruizlac"]
[Black "rito"]
[Result "1-0"]
[WhiteElo "1673"]
[BlackElo "1541"]

1. d4 d5 2. c4 c6 3. Nc3 Nf6 4. e3 g6 5. Nf3 e6 6. cxd5 cxd5 7. a3 Nc6 8. Bb5 a6
9. Ba4 b5 10. Bb3 Ng4 11. h3 Nf6 12. O-O 1-0

[Event "Let's Play Chess!"]
[Site "http://www.queenalice.com/game.php?id=1211969"]
[Date "2013.8.27"]
[Round "-"]
[White "fantasigno"]
[Black "rito"]
[Result "1-0"]
[WhiteElo "1748"]
[BlackElo "1528"]

1. g3 e5 2. Bg2 c6 3. Nc3 Bb4 4. Nf3 d6 5. O-O Nh6 6. d4 exd4 7. Qxd4 Bxc3 8.
Qxc3 Qf6 9. Qxf6 gxf6 10. Bxh6 Bf5 11. c4 c5 12. Rfd1 Kd7 13. Bf4 Kc8 14. Rxd6
Rd8 15. Rad1 Rd7 16. Rxd7 Nxd7 17. Nh4 Bc2 18. Bxb7+ Kxb7 19. Rxd7+ Kc6 20. Rc7+
Kb6 21. Nf5 Rd8 22. Ne3 Rd2 23. Nd5+ Ka6 24. Bxd2 Be4 25. Nxf6 Bg6 26. Rxc5 Kb6
27. b4 a6 28. Nd7+ Kb7 29. a4 f5 30. a5 Be8 31. Nb6 h6 32. Bxh6 Ba4 33. Rxf5 Bb3
34. c5 Kc6 35. e4 Kb5 36. Bd2 Be6 37. Re5 Bf7 38. h4 Bb3 39. f4 Bf7 40. h5 Kc6
41. h6 Bg8 42. Re8 Bb3 43. h7 Bf7 44. Rc8+ Kb7 45. c6+ Ka7 46. Ra8# 1-0

[Event "Let's Play Chess!"]
[Site "http://www.queenalice.com/game.php?id=1211995"]
[Date "2013.8.28"]
[Round "-"]
[White "deuterius"]
[Black "rito"]
[Result "1-0"]
[WhiteElo "1701"]
[BlackElo "1548"]

1. e4 e5 2. Nf3 d6 3. Bc4 Be6 4. Bxe6 fxe6 5. O-O Nf6 6. Nc3 Nc6 7. d4 h6 8. d5
Nb4 9. dxe6 Qe7 10. a3 Na6 11. Nd5 Qxe6 12. b4 c6 13. Nc3 h5 14. Ng5 Qc4 15. Ne2
Nxe4 16. Nxe4 Qxe4 17. Ng3 Qg4 18. f3 Qd4+ 19. Qxd4 exd4 20. Re1+ Be7 21. Bg5
Kf7 22. Rxe7+ Kg6 23. Bh4 Rhe8 24. Rxb7 c5 25. b5 Nb8 26. Ne4 d5 27. Nxc5 Rc8
28. Be7 a5 29. Na4 Rxc2 30. Nb6 Nc6 31. Nxa8 d3 32. bxc6 d2 33. Rbb1 Kf7 34. Bg5
Rxc6 35. Bxd2 a4 36. Rb7+ Ke6 37. Re1+ Kf6 38. Nc7 d4 39. Re6+ Rxe6 40. Nxe6
Kxe6 41. Rb5 Kd6 42. Ra5 g6 43. Rg5 Ke6 44. h4 Kf6 45. Kf2 Ke6 46. f4 Kf6 47.
Kf3 Ke6 48. Ke4 d3 49. Rxg6+ Kf7 50. f5 Ke7 51. Kd5 Kd7 52. Re6 Kc7 53. Rd6 Kb7
54. Rc6 Kb8 55. Kd6 Kb7 56. Kd7 Kb8 57. Rb6+ Ka7 58. Kc7 Ka8 59. Ra6# 1-0

[Event "Let's Play Chess!"]
[Site "http://www.queenalice.com/game.php?id=1212027"]
[Date "2013.8.28"]
[Round "-"]
[White "Ditto"]
[Black "rito"]
[Result "1-0"]
[WhiteElo "1606"]
[BlackElo "1534"]

1. d4 d5 2. c4 c6 3. Nf3 Nf6 4. Nc3 Bg4 5. e3 g6 6. Be2 Bh6 7. O-O Na6 8. cxd5
cxd5 9. Bb5+ Kf8 10. Be2 Qd6 11. Qb3 Qb4 12. Qc2 Qd6 13. Nb5 Qc6 14. Qxc6 bxc6
15. Nc3 Nb4 16. Bd1 a6 17. a3 Nd3 18. h3 Bf5 19. Ba4 Rc8 20. Bc2 Nc5 21. Bxf5
gxf5 22. dxc5 Ra8 23. b4 a5 24. b5 cxb5 25. Nxb5 Rc8 26. Nfd4 Rxc5 27. Bd2 a4
28. Bb4 Rc4 29. Ra2 f4 30. Nf5 Bg5 31. Bxe7+ Ke8 32. Nbd6+ 1-0

[Event "AUTO-OPEN-3123"]
[Site "http://www.queenalice.com/game.php?id=1233148"]
[Date "2013.11.18"]
[Round "1"]
[White "rito"]
[Black "kandido"]
[Result "0-1"]
[WhiteElo "1550"]
[BlackElo "2220"]

1. e4 e5 2. b3 Bc5 3. Bb2 Nc6 4. Bb5 Qh4 5. g3 Qxe4+ 6. Ne2 Qxh1+ 7. Ng1 Qxg1+
8. Ke2 Qxf2+ 9. Kd3 Nb4+ 10. Ke4 c6 11. d4 d5+ 12. Kxe5 Qf6# 0-1

[Event "AUTO-OPEN-3123"]
[Site "http://www.queenalice.com/game.php?id=1233150"]
[Date "2013.11.18"]
[Round "1"]
[White "rito"]
[Black "gingalmesh"]
[Result "0-1"]
[WhiteElo "1489"]
[BlackElo "1801"]

1. e4 c5 2. Bc4 Nc6 3. b3 d6 4. f3 Nf6 5. h4 Nh5 6. Bb5 e5 7. Nc3 Be7 8. Qe2 Ng3
9. Qf2 Nxh1 10. Qe2 O-O 11. h5 Bh4+ 12. Kf1 Ng3+ 13. Ke1 Nxe2+ 14. Kxe2 Qb6 15.
Bc4 Nd4+ 16. Kd3 a6 17. a4 Qa5 18. g4 Bf2 19. Nh3 Bh4 20. Nd5 b5 21. g5 bxc4+
22. bxc4 Bxh3 23. Ne7+ Kh8 0-1

[Event "AUTO-OPEN-3123"]
[Site "http://www.queenalice.com/game.php?id=1233151"]
[Date "2013.11.18"]
[Round "1"]
[White "gingalmesh"]
[Black "rito"]
[Result "1-0"]
[WhiteElo "1805"]
[BlackElo "1485"]

1. e4 b6 2. c4 Nf6 3. Bd3 g6 4. Ne2 h5 5. O-O Ba6 6. b3 c5 7. Nbc3 Qc7 8. Bb2
Ng4 9. g3 Ne5 10. f4 Nxd3 11. Nb5 Qb7 12. Bxh8 Qxe4 13. Nc7+ Kd8 14. Nxa8 Qxa8
15. Bc3 Qc6 16. Nc1 Qd6 17. Nxd3 Qxd3 18. Rf3 Qf5 19. d3 Bb7 20. Re3 Qg4 21.
Qxg4 hxg4 22. b4 cxb4 23. Bxb4 Nc6 24. a3 a5 25. Bc3 e6 26. Rd1 1-0

[Event "Let's Play Chess!"]
[Site "http://www.queenalice.com/game.php?id=1816174"]
[Date "2023.7.15"]
[Round "-"]
[White "rito"]
[Black "Charles56"]
[Result "0-1"]
[WhiteElo "1478"]
[BlackElo "1677"]

1. b3 e5 2. e3 d5 3. Nc3 Nf6 4. Bb5+ c6 5. Bd3 g6 6. Be2 a6 7. Na4 b5 8. Nb2 Bh6
9. d4 exd4 10. exd4 Bxc1 11. Rxc1 Nbd7 12. Nf3 Nb6 13. O-O Be6 14. Ne5 Qc7 15.
Ned3 h5 16. Qd2 Ne4 17. Qf4 Nd6 18. a4 Bf5 19. Qe5+ Qe7 20. Qxh8+ Kd7 21. Qg7
Re8 22. Nc5+ Kc8 23. Nxa6 Qg5 24. Bf3 bxa4 25. bxa4 h4 26. Rce1 Be4 27. Bxe4
dxe4 28. Re3 Qf5 29. Nb4 Kb7 30. f4 Ndc4 31. Nxc4 Nxc4 32. Rb3 Kc8 33. Nxc6 e3
34. Na7+ Kc7 35. Nb5+ Kd7 36. Qh6 Nd2 37. Rc3 Nxf1 38. Kxf1 e2+ 39. Ke1 Qf6 40.
Rc7+ Kd8 41. Rc3 Qa6 42. Qg5+ Re7 43. Qd5+ Ke8 44. Rc7 Qa5+ 45. Kf2 e1=Q+ 46.
Kf3 Rxc7 47. Qe4+ Qxe4+ 48. Kxe4 Re7+ 49. Kf3 Qxa4 50. Nd6+ Kf8 51. c4 Qa5 52.
d5 Qc3+ 53. Kg4 f5+ 54. Kxh4 Kg7 55. g3 Rd7 56. Nb5 Qxc4 57. Na3 Qxd5 58. Kg5
Qd1 59. Nc4 Qg4# 0-1

[Event "Challenge"]
[Site "http://www.queenalice.com/game.php?id=1816436"]
[Date "2023.7.15"]
[Round "-"]
[White "prof_zeco"]
[Black "rito"]
[Result "1-0"]
[WhiteElo "1775"]
[BlackElo "1482"]

1. d4 e6 2. e4 Nf6 3. Bg5 h6 4. Bxf6 Qxf6 5. Nc3 Bb4 6. Qd3 Nc6 7. Nf3 e5 8.
O-O-O Qf4+ 9. Kb1 Bxc3 10. Qxc3 O-O 11. dxe5 Qxe4 12. Bd3 Qf4 13. Rhe1 d6 14.
Re4 Qf5 15. h3 a6 16. Rg4 Qe6 17. exd6 cxd6 18. Qxg7# 1-0

[Event "Challenge"]
[Site "http://www.queenalice.com/game.php?id=1817684"]
[Date "2023.7.31"]
[Round "-"]
[White "rito"]
[Black "dejami"]
[Result "0-1"]
[WhiteElo "1460"]
[BlackElo "1623"]

1. b3 e5 2. Nc3 c6 3. e3 d5 4. d4 e4 5. g3 Bg4 6. Be2 Bf5 7. Bg4 Bc8 8. Nh3 f5
9. Bh5+ g6 10. Be2 f4 11. Nxf4 Qf6 12. a4 Bb4 13. Bb2 g5 14. Ng2 Qd8 15. f4 Bh3
16. Kf2 Qa5 17. fxg5 Bxc3 18. Bxc3 Qxc3 19. Qe1 Qxe1+ 20. Rhxe1 Ne7 21. Bh5+ Kd7
22. Nh4 Na6 23. Ke2 h6 24. g6 Nb4 25. Rac1 Rhg8 26. Rf1 Bxf1+ 27. Kxf1 Raf8+ 28.
Ke2 Na2 29. Ra1 Nc3+ 30. Kd2 Rf5 31. g4 Rf2+ 32. Kc1 Rxh2 33. Nf5 Nxf5 34. gxf5
Rxh5 35. Kb2 Ne2 36. Re1 Ng3 37. Rg1 Nxf5 38. Kc3 Nxe3 39. g7 Rh3 40. Kd2 Nf5
41. c3 e3+ 42. Ke2 Rh2+ 43. Kf1 Rxg7 44. b4 e2+ 0-1

[Event "Challenge"]
[Site "http://www.queenalice.com/game.php?id=1817685"]
[Date "2023.7.31"]
[Round "-"]
[White "dejami"]
[Black "rito"]
[Result "1-0"]
[WhiteElo "1681"]
[BlackElo "1470"]

1. e4 g6 2. Bc4 Nf6 3. d3 e6 4. b4 Bxb4+ 5. c3 Bc5 6. d4 Bb6 7. f3 d5 8. e5 dxc4
9. exf6 Qxf6 10. Nh3 Qh4+ 11. Kf1 Bd7 12. Bg5 Qh5 13. Qd2 c5 14. d5 exd5 15.
Qxd5 Nc6 16. Kf2 Qh4+ 17. Bxh4 Be6 18. Qe4 Rd8 19. Ng5 O-O 20. Nxe6 fxe6 21.
Qxe6+ Kg7 22. Re1 Rde8 23. Qd7+ Kh6 24. Rxe8 Rf4 25. Bg3 Rf6 26. Rg8 Bd8 27.
Qh3+ Kg5 28. Qg4+ Kh6 29. Qh4# 1-0

[Event "Challenge"]
[Site "http://www.queenalice.com/game.php?id=1825773"]
[Date "2023.11.23"]
[Round "-"]
[White "madeira39"]
[Black "rito"]
[Result "1-0"]
[WhiteElo "1855"]
[BlackElo "1462"]

1. e4 Nf6 2. Nc3 e6 3. e5 Nd5 4. Nxd5 exd5 5. d4 Nc6 6. c3 d6 7. exd6 Qxd6 8.
Bd3 Be7 9. Nf3 O-O 10. Bg5 Qe6+ 11. Be3 Qg4 12. O-O b6 13. Qc2 Bd7 14. Be2 Qg6
15. Bd3 Bf5 16. Bxf5 Qg4 17. Bxg4 a5 18. Ng5 g6 19. Nf3 f5 20. Bh3 a4 21. a3 b5
22. Bf4 Bd6 23. Bxd6 cxd6 24. b4 Rf6 25. Rfe1 Kf8 26. Ng5 Ne7 27. Nxh7+ Kg7 28.
Nxf6 Kxf6 29. g4 Rh8 30. Qd3 Rh7 31. Qe3 Nc8 32. gxf5 1-0